[Event "Titled Tuesday intern op 13th Feb Late"]
[Site "Chess.com INT"]
[Date "2024.02.13"]
[Round "4"]
[White "Kadric, Denis"]
[Black "Kanakaris, Georgios"]
[Result "0-1"]
[WhiteElo "2586"]
[BlackElo "2400"]
[PlyCount "76"]
[EventDate "2024.02.13"]
[EventType "swiss (blitz)"]
[EventRounds "11"]
[EventCountry "USA"]
[SourceTitle "CB08_2024"]
[SourceDate "2024.02.21"]
[SourceVersion "1"]
[SourceVersionDate "2024.02.21"]
[SourceQuality "1"]

1. e4 d5 2. exd5 Nf6 3. Nf3 Nxd5 4. d4 Bg4 5. Be2 e6 6. 0-0 Be7 7. h3 Bh5 8. c4 Nf6 9. Be3 0-0 10. Nc3 Nbd7 11. Ne5 Bxe2 12. Qxe2 Nxe5 13. dxe5 Nd7 14. Rad1 Qc8 15. f4 Rd8 16. Ne4 Nf8 17. Qg4 Ng6 18. g3 Rxd1 19. Rxd1 Qe8 20. h4 Qc6 21. Rd4 Rd8 22. Qd1 Rxd4 23. Qxd4 b6 24. b3 h5 25. Kf2 a5 26. Qd3 Nf8 27. Bd4 Nd7 28. Ke3 g6 29. Qd1 Kf8 30. g4 hxg4 31. Qxg4 Nc5 32. Bxc5 Bxc5+ 33. Kd3 Qd7+ 34. Kc2 Qd4 35. Nd2 Bb4 36. Nf3 Qe4+ 37. Kd1 Qd3+ 38. Kc1 Ba3# 0-1

[Event "Titled Tuesday intern op 01st Aug Late"]
[Site "Chess.com INT"]
[Date "2023.08.01"]
[Round "4"]
[White "Kuzmicz, Krystian"]
[Black "Kanakaris, Georgios"]
[Result "1-0"]
[WhiteElo "2466"]
[BlackElo "2392"]
[PlyCount "57"]
[EventDate "2023.08.01"]
[EventType "swiss (blitz)"]
[EventRounds "11"]
[EventCountry "USA"]
[SourceTitle "EXT 2024"]
[Source "ChessBase"]
[SourceDate "2023.10.10"]
[SourceVersion "1"]
[SourceVersionDate "2023.10.10"]
[SourceQuality "1"]

1. e4 e6 2. d3 d5 3. Nd2 Nf6 4. g3 c5 5. Bg2 Nc6 6. f4 Be7 7. e5 Ng8 8. Ne2 h5 9. Nf3 Nh6 10. Be3 b5 11. h3 Nf5 12. Bf2 Qa5+ 13. c3 b4 14. 0-0 bxc3 15. bxc3 Ba6 16. Rb1 c4 17. d4 Bb5 18. g4 hxg4 19. hxg4 Nh4 20. Nxh4 Bxh4 21. Be3 Be7 22. f5 Ba4 23. Qc1 0-0-0 24. Qb2 Rd7 25. Nf4 Bg5 26. Nxd5 exd5 27. Bxg5 Qc7 28. Bf4 Qa5 29. e6 1-0

[Event "Titled Tuesday intern op 25th Jul Late"]
[Site "Chess.com INT"]
[Date "2023.07.25"]
[Round "1"]
[White "Kanakaris, Georgios"]
[Black "Nihal, Sarin"]
[Result "0-1"]
[WhiteElo "2392"]
[BlackElo "2688"]
[PlyCount "52"]
[EventDate "2023.07.25"]
[EventType "swiss (blitz)"]
[EventRounds "11"]
[EventCountry "USA"]
[SourceTitle "EXT 2024"]
[Source "ChessBase"]
[SourceDate "2023.10.10"]
[SourceVersion "1"]
[SourceVersionDate "2023.10.10"]
[SourceQuality "1"]

1. d4 Nf6 2. Nf3 d5 3. c4 e6 4. e3 Be7 5. Nbd2 0-0 6. Bd3 b6 7. b3 Bb7 8. Bb2 Nbd7 9. 0-0 c5 10. Rc1 Rc8 11. Qe2 h6 12. Rfd1 Rc7 13. cxd5 Nxd5 14. a3 Qa8 15. Bb1 Rfc8 16. Qd3 N5f6 17. a4 cxd4 18. Rxc7 Rxc7 19. Qxd4 Nc5 20. Qe5 Rd7 21. Rc1 Bxf3 22. Nxf3 Nxb3 23. Re1 Nc5 24. Qg3 Nxa4 25. Ba1 Nc5 26. Ne5 Rd8 0-1

[Event "Titled Tuesday intern op 25th Jul Late"]
[Site "Chess.com INT"]
[Date "2023.07.25"]
[Round "4"]
[White "Sabuk, Piotr"]
[Black "Kanakaris, Georgios"]
[Result "1-0"]
[WhiteElo "2380"]
[BlackElo "2392"]
[PlyCount "87"]
[EventDate "2023.07.25"]
[EventType "swiss (blitz)"]
[EventRounds "11"]
[EventCountry "USA"]
[SourceTitle "EXT 2024"]
[Source "ChessBase"]
[SourceDate "2023.10.10"]
[SourceVersion "1"]
[SourceVersionDate "2023.10.10"]
[SourceQuality "1"]

1. e4 e6 2. d4 d5 3. exd5 exd5 4. Nf3 Nc6 5. Bb5 Bg4 6. 0-0 Bd6 7. Qe1+ Nge7 8. Ne5 Bf5 9. Nxc6 bxc6 10. Bxc6+ Kf8 11. Bxa8 Qxa8 12. Bg5 f6 13. Bh4 Bxc2 14. Bg3 Bxg3 15. hxg3 Bd3 16. Nd2 Bxf1 17. Qxf1 Kf7 18. Nb3 Re8 19. Rc1 c6 20. Qd3 h6 21. Nc5 Qb8 22. b3 Qb5 23. g4 Qxd3 24. Nxd3 Ke6 25. f3 Rb8 26. Kf2 a5 27. Re1+ Kf7 28. Ke3 Nc8 29. Nc5 Na7 30. Kd3 Nb5 31. Re6 Na7 32. f4 Rd8 33. f5 Re8 34. Rxe8 Kxe8 35. Nb7 Kf7 36. Nxa5 g6 37. Nb7 gxf5 38. gxf5 h5 39. a4 Ke7 40. Nc5 Kd6 41. Ne6 Nc8 42. Nf4 Ne7 43. Nxh5 Nxf5 44. Nxf6 1-0

[Event "Titled Tuesday intern op 02nd May Late"]
[Site "Chess.com INT"]
[Date "2023.05.02"]
[Round "8"]
[White "Tomaszewski, Kacper"]
[Black "Kanakaris, Georgios"]
[Result "1-0"]
[WhiteElo "2313"]
[BlackElo "2391"]
[PlyCount "77"]
[EventDate "2023.05.02"]
[EventType "swiss (blitz)"]
[EventRounds "11"]
[EventCountry "USA"]
[SourceTitle "EXT 2024"]
[Source "ChessBase"]
[SourceDate "2023.10.10"]
[SourceVersion "1"]
[SourceVersionDate "2023.10.10"]
[SourceQuality "1"]

1. c4 e5 2. e3 Nc6 3. Nc3 Nf6 4. a3 a5 5. Qc2 g6 6. Nf3 Bg7 7. d3 0-0 8. Be2 d5 9. cxd5 Nxd5 10. Bd2 Be6 11. 0-0 Nxc3 12. Bxc3 a4 13. Rac1 Bb3 14. Qb1 Qe7 15. Nd2 Bd5 16. Ne4 f5 17. Nd2 Rad8 18. Bd1 Qh4 19. e4 Be6 20. Bxa4 Bh6 21. Rce1 Nd4 22. Bd1 Bxd2 23. Bxd2 f4 24. f3 Rd7 25. Bc2 Rfd8 26. Bc3 Qg5 27. Bxd4 Rxd4 28. Rf2 h5 29. b4 h4 30. Bb3 Qe7 31. Qa2 Bxb3 32. Qxb3+ Kg7 33. Rd1 h3 34. gxh3 R8d6 35. Rg2 Qh4 36. Qc2 c6 37. Qe2 Qxh3 38. Rg4 Rd8 39. Kh1 1-0

[Event "Titled Tuesday intern op 18th Apr Late"]
[Site "Chess.com INT"]
[Date "2023.04.18"]
[Round "2"]
[White "Kanakaris, Georgios"]
[Black "Rodriguez Santiago, Jaime"]
[Result "1-0"]
[WhiteElo "2391"]
[BlackElo "2026"]
[PlyCount "59"]
[EventDate "2023.04.18"]
[EventType "swiss (blitz)"]
[EventRounds "11"]
[EventCountry "USA"]
[SourceTitle "EXT 2024"]
[Source "ChessBase"]
[SourceDate "2023.10.10"]
[SourceVersion "1"]
[SourceVersionDate "2023.10.10"]
[SourceQuality "1"]

1. d4 Nf6 2. Nf3 e6 3. c4 d5 4. e3 c6 5. Nbd2 Bd6 6. Bd3 0-0 7. 0-0 dxc4 8. Nxc4 Bc7 9. e4 Nbd7 10. e5 Nd5 11. Bxh7+ Kxh7 12. Ng5+ Kg8 13. Qh5 N7f6 14. exf6 Nxf6 15. Qh4 g6 16. Ne5 Kg7 17. Be3 Rh8 18. Qf4 Qe7 19. h3 Rh5 20. Rad1 Bd7 21. Qf3 Rah8 22. Ngxf7 Rf5 23. Qe2 Be8 24. Nxh8 Kxh8 25. f4 Kg7 26. g4 Nxg4 27. hxg4 Qh4 28. gxf5 gxf5 29. Qg2+ Kf6 30. Qg5+ 1-0

[Event "Titled Tuesday intern op 21st Feb Late"]
[Site "Chess.com INT"]
[Date "2023.02.21"]
[Round "8"]
[White "Dzida, Kamil"]
[Black "Kanakaris, Georgios"]
[Result "0-1"]
[WhiteElo "2333"]
[BlackElo "2391"]
[PlyCount "128"]
[EventDate "2023.02.21"]
[EventType "swiss (blitz)"]
[EventRounds "11"]
[EventCountry "USA"]
[SourceTitle "CBM 212 Extra"]
[Source "ChessBase"]
[SourceDate "2023.03.31"]
[SourceVersion "1"]
[SourceVersionDate "2023.03.31"]
[SourceQuality "1"]

1. e4 e6 2. d4 d5 3. Nc3 Bb4 4. e5 Qd7 5. a3 Bxc3+ 6. bxc3 b6 7. Qg4 f5 8. Qg3 Bb7 9. h4 Nc6 10. h5 0-0-0 11. a4 Na5 12. Ba3 Nc4 13. a5 Nxa5 14. Bb4 Nc6 15. Ne2 a5 16. Ba3 Ba6 17. Nf4 Bxf1 18. Kxf1 Nh6 19. f3 Rhg8 20. Kf2 Na7 21. c4 dxc4 22. c3 Nb5 23. Bb2 c6 24. Ra4 Nc7 25. Rxc4 b5 26. Rc5 Na6 27. Nd3 Nxc5 28. Nxc5 Qd5 29. Rc1 Qa2 30. Rc2 Nf7 31. Qf4 Rge8 32. Qc1 Qc4 33. Ba3 Rd5 34. Qd2 Nxe5 35. Qe3 Nd7 36. Na6 Kb7 37. Nc5+ Nxc5 38. Bxc5 Rxc5 39. dxc5 Rd8 40. Qe5 Rd7 41. Re2 a4 42. Qxe6 Qxe6 43. Rxe6 a3 44. Re2 Rd3 45. Re7+ Ka6 46. Rc7 a2 47. Rxc6+ Kb7 48. Rb6+ Ka7 49. Rxb5 a1Q 50. c6 Qa2+ 51. Kg3 Rd8 52. Rb7+ Ka6 53. Rxg7 Qc4 54. c7 Rc8 55. Rxh7 Rxc7 56. Rh6+ Kb5 57. Rg6 Rh7 58. Rg5 Qe6 59. Kh4 Kc6 60. g4 fxg4 61. fxg4 Qf6 62. c4 Rh6 63. c5 Rh7 64. h6 Rxh6+ 0-1

[Event "Titled Tuesday intern op 21st Feb Late"]
[Site "Chess.com INT"]
[Date "2023.02.21"]
[Round "1"]
[White "Guzman Moneo, Alberto"]
[Black "Kanakaris, Georgios"]
[Result "0-1"]
[WhiteElo "2146"]
[BlackElo "2391"]
[PlyCount "60"]
[EventDate "2023.02.21"]
[EventType "swiss (blitz)"]
[EventRounds "11"]
[EventCountry "USA"]
[SourceTitle "CBM 212 Extra"]
[Source "ChessBase"]
[SourceDate "2023.03.31"]
[SourceVersion "1"]
[SourceVersionDate "2023.03.31"]
[SourceQuality "1"]

1. e4 e6 2. d3 d5 3. Nd2 Nf6 4. Ngf3 c5 5. g3 Nc6 6. Bg2 Qc7 7. 0-0 Be7 8. Re1 b6 9. exd5 exd5 10. d4 0-0 11. dxc5 bxc5 12. Nb3 Bg4 13. Bf4 Qb6 14. a4 a5 15. h3 Bh5 16. g4 Bg6 17. Ne5 Nxe5 18. Bxe5 Rfe8 19. h4 h6 20. f4 Be4 21. g5 hxg5 22. hxg5 Nh7 23. Rxe4 dxe4 24. Bxe4 Rad8 25. Qh5 g6 26. Qh3 Bd6 27. Bxd6 Rxd6 28. c4 Rxe4 29. Qc8+ Rd8 30. Qxc5 Qxb3 0-1

[Event "Titled Tuesday intern op 21st Feb Late"]
[Site "Chess.com INT"]
[Date "2023.02.21"]
[Round "10"]
[White "Kanakaris, Georgios"]
[Black "Rustemov, Alexander"]
[Result "1/2-1/2"]
[WhiteElo "2391"]
[BlackElo "2525"]
[PlyCount "150"]
[EventDate "2023.02.21"]
[EventType "swiss (blitz)"]
[EventRounds "11"]
[EventCountry "USA"]
[SourceTitle "CBM 212 Extra"]
[Source "ChessBase"]
[SourceDate "2023.03.31"]
[SourceVersion "1"]
[SourceVersionDate "2023.03.31"]
[SourceQuality "1"]

1. d4 g6 2. g3 Bg7 3. Bg2 c5 4. d5 d6 5. e4 b5 6. Nf3 Nf6 7. Nbd2 0-0 8. 0-0 Nbd7 9. Re1 Bb7 10. a4 a6 11. Bf1 Qb6 12. a5 Qc7 13. c4 b4 14. Ra2 e6 15. b3 Rfe8 16. Bb2 exd5 17. cxd5 Re7 18. Bd3 Rae8 19. Ba1 Bc8 20. Kg2 h5 21. h3 Bb7 22. Kg1 Bc8 23. Kg2 Nf8 24. Re2 N8h7 25. Qe1 Qd7 26. Ng1 Ng5 27. h4 Ngh7 28. Nc4 Bb7 29. Nb6 Qc7 30. Nf3 Nf8 31. Ng5 N8d7 32. Nc4 Ng4 33. Bxg7 Kxg7 34. Qa1+ Kg8 35. f3 Nge5 36. Qd1 Nxc4 37. Bxc4 Ne5 38. Re1 Bc8 39. Qa1 Qd7 40. Rae2 Qc7 41. f4 Nxc4 42. bxc4 Bg4 43. Re3 f6 44. Nf3 Bxf3+ 45. Kxf3 Kg7 46. Kg2 Qd7 47. R3e2 Qg4 48. Re3 Kf7 49. R3e2 Kg7 50. Re3 Rb8 51. Qb2 Rf8 52. R3e2 Rfe8 53. Re3 Qd7 54. R3e2 Qc7 55. Qa1 Qd7 56. e5 fxe5 57. fxe5 Rxe5 58. Rxe5 dxe5 59. Rxe5 Rxe5 60. Qxe5+ Kf7 61. Qf4+ Qf5 62. Qc7+ Kf6 63. Qxc5 Qe4+ 64. Kf2 Qc2+ 65. Kf3 Qd3+ 66. Kf2 Qc2+ 67. Kf3 Qd1+ 68. Kf2 Qd2+ 69. Kf3 Qd1+ 70. Kf2 b3 71. Qb6+ Ke5 72. Qe3+ Kd6 73. Qb6+ Ke5 74. Qe3+ Kd6 75. Qb6+ Ke5 1/2-1/2

[Event "Titled Tuesday intern op 31st Jan Late"]
[Site "Chess.com INT"]
[Date "2023.01.31"]
[Round "5"]
[White "Kanakaris, Georgios"]
[Black "Galchenko, Matvey"]
[Result "0-1"]
[WhiteElo "2391"]
[BlackElo "2442"]
[PlyCount "118"]
[EventDate "2023.01.31"]
[EventType "swiss (blitz)"]
[EventRounds "11"]
[EventCountry "USA"]
[SourceTitle "CBM 212 Extra"]
[Source "ChessBase"]
[SourceDate "2023.03.31"]
[SourceVersion "1"]
[SourceVersionDate "2023.03.31"]
[SourceQuality "1"]

1. d4 Nf6 2. Nf3 c5 3. d5 b5 4. a4 Bb7 5. axb5 Bxd5 6. Nc3 Bb7 7. Bg5 d5 8. e3 Nbd7 9. Be2 e6 10. 0-0 Be7 11. Ra4 0-0 12. Qa1 Qb6 13. b3 Rfc8 14. Rd1 h6 15. Bh4 Rd8 16. Ra2 Rdc8 17. Ra4 Bd6 18. Bg3 e5 19. Rh4 d4 20. Na4 Qc7 21. exd4 cxd4 22. Bc4 Nf8 23. Qc1 Ng6 24. Rh3 Bd5 25. Nb2 Ba3 26. Nxd4 Bxc4 27. bxc4 Bxb2 28. Qxb2 Qd7 29. Bxe5 Nxe5 30. Re1 Nxc4 31. Qa1 Re8 32. Rf1 Nd2 33. Rd1 Nde4 34. Nc6 Qf5 35. Rf3 Qc5 36. h3 a6 37. Nd4 axb5 38. Qc1 Nc3 39. Rd2 b4 40. Nf5 Ne2+ 41. Rxe2 Rxe2 42. Nxh6+ gxh6 43. Qxh6 Ra1+ 44. Kh2 Qe5+ 45. Rg3+ Ng4+ 46. hxg4 Qh8 47. Rh3 Qxh6 48. Rxh6 Rxf2 49. Rb6 Rxc2 50. Rxb4 Raa2 51. Rb8+ Kg7 52. Kh3 Rxg2 53. Kh4 Rh2+ 54. Kg5 Ra5+ 55. Kf4 Rg2 56. Rb4 Ra3 57. Kf5 Rf3+ 58. Kg5 f6+ 59. Kh4 Rh2# 0-1

[Event "Titled Tuesday intern op 03rd Jan Late"]
[Site "Chess.com INT"]
[Date "2023.01.03"]
[Round "5"]
[White "Kanakaris, Georgios"]
[Black "Adewumi, Tanitoluwa"]
[Result "1-0"]
[WhiteElo "2391"]
[BlackElo "2305"]
[PlyCount "81"]
[EventDate "2023.01.03"]
[EventType "swiss (blitz)"]
[EventRounds "11"]
[EventCountry "USA"]
[SourceTitle "EXT 2024"]
[Source "ChessBase"]
[SourceDate "2023.10.10"]
[SourceVersion "1"]
[SourceVersionDate "2023.10.10"]
[SourceQuality "1"]

1. d4 Nf6 2. Nf3 e6 3. g3 c5 4. Bg2 Nc6 5. 0-0 d5 6. c4 dxc4 7. dxc5 Qxd1 8. Rxd1 Bxc5 9. Nbd2 c3 10. bxc3 Ke7 11. Nb3 Bd6 12. Ne1 e5 13. c4 Be6 14. c5 Bc7 15. Bb2 Rhd8 16. Nd3 Bd5 17. f3 g6 18. Rab1 e4 19. Bxf6+ Kxf6 20. fxe4 Bc4 21. Nf4 Bxf4 22. gxf4 Bxe2 23. Rd6+ Ke7 24. e5 Rac8 25. Nd2 Ba6 26. Ne4 Nd4 27. Kf2 Ne6 28. Bh3 Rxd6 29. cxd6+ Kd7 30. Nf6+ Kd8 31. Bxe6 fxe6 32. Rb2 Rc4 33. Kg3 h6 34. Ng4 g5 35. fxg5 hxg5 36. Rf2 Rc3+ 37. Kg2 Bd3 38. Rf8+ Kd7 39. Nf6+ Kc6 40. Rc8+ Kb6 41. Rxc3 1-0

[Event "Titled Tuesday intern op 03rd Jan Late"]
[Site "Chess.com INT"]
[Date "2023.01.03"]
[Round "1"]
[White "Kanakaris, Georgios"]
[Black "Gatterer, Florian"]
[Result "1/2-1/2"]
[WhiteElo "2391"]
[BlackElo "2175"]
[PlyCount "119"]
[EventDate "2023.01.03"]
[EventType "swiss (blitz)"]
[EventRounds "11"]
[EventCountry "USA"]
[SourceTitle "EXT 2024"]
[Source "ChessBase"]
[SourceDate "2023.10.10"]
[SourceVersion "1"]
[SourceVersionDate "2023.10.10"]
[SourceQuality "1"]

1. e4 c6 2. Nf3 d5 3. Nc3 Bg4 4. h3 Bxf3 5. Qxf3 e6 6. d3 Nd7 7. Qd1 g6 8. Be2 Bg7 9. 0-0 Ne7 10. d4 0-0 11. Be3 dxe4 12. Nxe4 Nf5 13. c3 Nxe3 14. fxe3 Bh6 15. Rf3 f5 16. Nd2 Kh8 17. Qb3 e5 18. Nf1 Rb8 19. Rd1 e4 20. Rf2 Qe7 21. c4 Nf6 22. d5 Rfd8 23. dxc6 bxc6 24. Qc2 Bg7 25. b3 a5 26. Rxd8+ Rxd8 27. Bd1 Nd7 28. Rd2 Ne5 29. Rxd8+ Qxd8 30. Qd2 Qc7 31. Be2 h5 32. a3 Kh7 33. b4 axb4 34. axb4 Bh6 35. Qd4 Bg7 36. Qc5 Qd7 37. b5 cxb5 38. cxb5 Nd3 39. Qc6 Qxc6 40. bxc6 Be5 41. Bxd3 exd3 42. Nd2 Kg7 43. Kf2 Kf7 44. Nc4 Bc7 45. Nb2 d2 46. Ke2 Ke6 47. Nd3 Kd5 48. Kxd2 Kxc6 49. Ke2 Kd5 50. Kf3 Ke6 51. Nf4+ Bxf4 52. Kxf4 Kf6 53. h4 Kf7 54. Kg5 Kg7 55. g3 Kf7 56. Kh6 Kf6 57. Kh7 Kf7 58. Kh6 Kf6 59. Kh7 Kf7 60. Kh6 1/2-1/2

[Event "Titled Tuesday intern op 03rd Jan Early"]
[Site "Chess.com INT"]
[Date "2023.01.03"]
[Round "11"]
[White "Kanakaris, Georgios"]
[Black "Ter Sahakyan, Samvel"]
[Result "0-1"]
[WhiteElo "2391"]
[BlackElo "2605"]
[PlyCount "54"]
[EventDate "2023.01.03"]
[EventType "swiss (blitz)"]
[EventRounds "11"]
[EventCountry "USA"]
[SourceTitle "EXT 2024"]
[Source "ChessBase"]
[SourceDate "2023.10.10"]
[SourceVersion "1"]
[SourceVersionDate "2023.10.10"]
[SourceQuality "1"]

1. d4 Nf6 2. Nf3 d5 3. c4 e6 4. e3 b6 5. Nbd2 Bd6 6. Bd3 Bb7 7. b3 0-0 8. Bb2 Nbd7 9. 0-0 Ne4 10. Rc1 f5 11. Qe2 Qf6 12. cxd5 exd5 13. Ba6 Bxa6 14. Qxa6 Qh6 15. Rc2 Rae8 16. Qb7 Ndf6 17. Ne5 Re7 18. Ndf3 g5 19. Nd3 c5 20. Qa6 Ng4 21. h3 Nxe3 22. fxe3 g4 23. dxc5 bxc5 24. Nfe5 Qxe3+ 25. Nf2 g3 26. Nf3 gxf2+ 27. Rcxf2 Bg3 0-1

[Event "Titled Tuesday intern op 03rd Jan Late"]
[Site "Chess.com INT"]
[Date "2023.01.03"]
[Round "2"]
[White "Saya, Ethan"]
[Black "Kanakaris, Georgios"]
[Result "0-1"]
[WhiteElo "2104"]
[BlackElo "2391"]
[PlyCount "52"]
[EventDate "2023.01.03"]
[EventType "swiss (blitz)"]
[EventRounds "11"]
[EventCountry "USA"]
[SourceTitle "EXT 2024"]
[Source "ChessBase"]
[SourceDate "2023.10.10"]
[SourceVersion "1"]
[SourceVersionDate "2023.10.10"]
[SourceQuality "1"]

1. d4 Nf6 2. c4 g6 3. Nc3 Bg7 4. e4 d6 5. Be2 0-0 6. Be3 Nc6 7. g4 e5 8. d5 Nd4 9. g5 Nxe2 10. gxf6 Nxc3 11. fxg7 Nxd1 12. gxf8Q+ Qxf8 13. Rxd1 f5 14. f3 Qe7 15. Bf2 Qg5 16. Ne2 Qg2 17. Rg1 Qxf3 18. exf5 Bxf5 19. Ng3 Bg4 20. Rd2 Rf8 21. Nf1 Qe4+ 22. Ne3 Rxf2 23. Kxf2 Qf3+ 24. Ke1 Qxe3+ 25. Kf1 Qxd2 26. Rxg4 Qd1+ 0-1

[Event "Titled Tuesday intern op 03rd Jan Early"]
[Site "Chess.com INT"]
[Date "2023.01.03"]
[Round "9"]
[White "Yeletsky, Ivan"]
[Black "Kanakaris, Georgios"]
[Result "0-1"]
[WhiteElo "2494"]
[BlackElo "2391"]
[PlyCount "24"]
[EventDate "2023.01.03"]
[EventType "swiss (blitz)"]
[EventRounds "11"]
[EventCountry "USA"]
[SourceTitle "EXT 2024"]
[Source "ChessBase"]
[SourceDate "2023.10.10"]
[SourceVersion "1"]
[SourceVersionDate "2023.10.10"]
[SourceQuality "1"]

1. d4 Nf6 2. c4 g6 3. Nc3 Bg7 4. e4 d6 5. Be2 0-0 6. Be3 Nc6 7. Nf3 Bg4 8. d5 Nb4 9. 0-0 Nd7 10. Qd2 a5 11. h3 Bxf3 12. Bxf3 c6 0-1

[Event "Titled Tuesday intern op 13th Dec Late"]
[Site "Chess.com INT"]
[Date "2022.12.13"]
[Round "1"]
[White "Horcajuelo Rocamora, Martin"]
[Black "Kanakaris, Georgios"]
[Result "1-0"]
[WhiteElo "2184"]
[BlackElo "2391"]
[PlyCount "61"]
[EventDate "2022.12.13"]
[EventType "swiss (blitz)"]
[EventRounds "11"]
[EventCountry "USA"]
[SourceTitle "EXT 2024"]
[Source "ChessBase"]
[SourceDate "2023.10.10"]
[SourceVersion "1"]
[SourceVersionDate "2023.10.10"]
[SourceQuality "1"]

1. e4 e6 2. d4 d5 3. exd5 exd5 4. Bd3 Bd6 5. Nf3 Ne7 6. 0-0 Nbc6 7. h3 h6 8. a3 Be6 9. b3 Qd7 10. Bb2 Ng6 11. c4 Nf4 12. c5 Bxh3 13. g3 Bxf1 14. Bxf1 Ne6 15. cxd6 Qxd6 16. Nc3 a6 17. Bg2 0-0 18. Ne5 Nxe5 19. dxe5 Qxe5 20. Qxd5 Qxd5 21. Nxd5 Rfd8 22. Rc1 c6 23. Nb6 Rab8 24. Be5 Kf8 25. Bxb8 Rxb8 26. Nd7+ Ke7 27. Nxb8 Kd6 28. Nxc6 bxc6 29. Rxc6+ Ke5 30. Rxa6 Kd4 31. Ra7 1-0

[Event "Titled Tuesday intern op 13th Dec Late"]
[Site "Chess.com INT"]
[Date "2022.12.13"]
[Round "2"]
[White "Kanakaris, Georgios"]
[Black "Barbot, Pierre"]
[Result "1-0"]
[WhiteElo "2391"]
[BlackElo "2446"]
[PlyCount "65"]
[EventDate "2022.12.13"]
[EventType "swiss (blitz)"]
[EventRounds "11"]
[EventCountry "USA"]
[SourceTitle "EXT 2024"]
[Source "ChessBase"]
[SourceDate "2023.10.10"]
[SourceVersion "1"]
[SourceVersionDate "2023.10.10"]
[SourceQuality "1"]

1. e4 c5 2. Nf3 Nc6 3. Bb5 g6 4. 0-0 Bg7 5. c3 Nf6 6. Qe2 0-0 7. h3 Qc7 8. d4 d5 9. exd5 Nxd5 10. dxc5 a6 11. Bc4 Nf4 12. Bxf4 Qxf4 13. Nbd2 Bf5 14. Nb3 Rad8 15. Rad1 e5 16. Rxd8 Rxd8 17. g3 Qh6 18. g4 Bc8 19. Qe3 Qxh3 20. Bxf7+ Kh8 21. Nh2 Qh4 22. Qg3 Qf6 23. Bc4 e4 24. Be2 Qg5 25. Qe3 Qh4 26. Qg3 Qe7 27. Rd1 Be5 28. Rxd8+ Qxd8 29. Qe3 Qh4 30. Nf1 Bxg4 31. Qxe4 h5 32. f3 Bf5 33. Qxh4 1-0

[Event "Titled Tuesday intern op 13th Dec Late"]
[Site "Chess.com INT"]
[Date "2022.12.13"]
[Round "5"]
[White "Kanakaris, Georgios"]
[Black "Bortnyk, Mykola"]
[Result "1/2-1/2"]
[WhiteElo "2391"]
[BlackElo "2455"]
[PlyCount "172"]
[EventDate "2022.12.13"]
[EventType "swiss (blitz)"]
[EventRounds "11"]
[EventCountry "USA"]
[SourceTitle "EXT 2024"]
[Source "ChessBase"]
[SourceDate "2023.10.10"]
[SourceVersion "1"]
[SourceVersionDate "2023.10.10"]
[SourceQuality "1"]

1. d4 Nf6 2. Nf3 e6 3. g3 c5 4. Bg2 cxd4 5. 0-0 Nc6 6. Nxd4 Be7 7. c4 0-0 8. Nc3 a6 9. b3 Qb6 10. Be3 Qa5 11. Nxc6 bxc6 12. Qd2 Bb4 13. Rfc1 Ba3 14. Rc2 Rb8 15. Nd5 Qxd2 16. Nxf6+ gxf6 17. Bxd2 d5 18. Bc1 Be7 19. cxd5 cxd5 20. Bf4 e5 21. Bh6 Rd8 22. Rac1 Be6 23. Bd2 Kg7 24. Ba5 Rd7 25. Rc6 Ra8 26. h4 h6 27. Bb6 a5 28. Bc5 a4 29. Bxe7 Rxe7 30. R6c5 axb3 31. axb3 Rd8 32. b4 Ra7 33. Rb1 e4 34. b5 Rb7 35. b6 Rdb8 36. Rc6 f5 37. e3 Ra8 38. Rc7 Rxc7 39. bxc7 Ra7 40. Rc1 Bc8 41. Rc5 Kf6 42. Rxd5 Rxc7 43. Rd1 Be6 44. Bf1 Rc2 45. Ra1 Rb2 46. Rc1 Kg6 47. Bc4 Kh5 48. Bxe6 fxe6 49. Rc6 e5 50. Rf6 Kg4 51. Kg2 Ra2 52. Re6 f4 53. gxf4 exf4 54. Rxe4 Kxh4 55. Rxf4+ Kg5 56. Rf8 h5 57. Rg8+ Kf5 58. Kf3 Ra3 59. Rh8 Kg5 60. Kg3 Rb3 61. f4+ Kg6 62. Kf3 Rb1 63. e4 Rb3+ 64. Kf2 Rb2+ 65. Ke3 Rb3+ 66. Kd4 Rb4+ 67. Kd5 Rb5+ 68. Kc4 Ra5 69. e5 Ra4+ 70. Kd5 Rxf4 71. Kd6 Rd4+ 72. Ke7 Re4 73. e6 h4 74. Kd7 Kg7 75. Rh5 Kg6 76. Rh8 Kg7 77. Rb8 Kf6 78. Rf8+ Kg5 79. e7 h3 80. Rh8 Kg4 81. e8Q Rxe8 82. Kxe8 Kg3 83. Ke7 h2 84. Kf6 Kg2 85. Kf5 h1Q 86. Rxh1 Kxh1 1/2-1/2

[Event "Titled Tuesday intern op 08th Nov Late"]
[Site "Chess.com INT"]
[Date "2022.11.08"]
[Round "1"]
[White "Gonzalez, Francisco Silva"]
[Black "Kanakaris, Georgios"]
[Result "0-1"]
[WhiteElo "2037"]
[BlackElo "2391"]
[PlyCount "146"]
[EventDate "2022.11.08"]
[EventType "swiss (blitz)"]
[EventRounds "11"]
[EventCountry "USA"]
[SourceTitle "EXT 2024"]
[Source "ChessBase"]
[SourceDate "2023.10.10"]
[SourceVersion "1"]
[SourceVersionDate "2023.10.10"]
[SourceQuality "1"]

1. d4 Nf6 2. c4 g6 3. Nc3 Bg7 4. e4 d6 5. f3 0-0 6. Be3 e5 7. d5 Nh5 8. Qd2 Qh4+ 9. Bf2 Qe7 10. Be3 f5 11. 0-0-0 a5 12. Bd3 f4 13. Bf2 Na6 14. a3 Bd7 15. Kb1 a4 16. Nb5 Bxb5 17. cxb5 Nc5 18. Bc4 b6 19. Ne2 Nf6 20. Nc3 Nfd7 21. Qe2 Ra5 22. Bd3 Nxd3 23. Qxd3 Nc5 24. Qc4 Rfa8 25. Rhg1 Qd7 26. Rd2 Nb3 27. Rdd1 Nd4 28. Rc1 R8a7 29. Ka2 Nxb5 30. Nxb5 Qxb5 31. Qxb5 Rxb5 32. Rc3 Bf6 33. Rgc1 Bd8 34. Rc6 Kf7 35. R1c4 Ke8 36. Rb4 Rxb4 37. axb4 Kd7 38. Ka3 Ra8 39. b5 g5 40. h3 h5 41. Rc1 Be7 42. Kb4 Rg8 43. Rh1 g4 44. hxg4 hxg4 45. Rh7 Kd8 46. Kxa4 gxf3 47. gxf3 Rg2 48. Rh8+ Kd7 49. Bh4 Bxh4 50. Rxh4 Rg3 51. Rh8 Rxf3 52. Kb4 Re3 53. Kc4 Rxe4+ 54. Kc3 Rd4 55. Rh7+ Kc8 56. Re7 Rxd5 57. Kc4 Rc5+ 58. Kb4 Kd8 59. Re6 Kd7 60. Rf6 Ke7 61. Rf5 Ke6 62. Rf8 e4 63. Rxf4 Ke5 64. Rf1 e3 65. Rf8 Ke4 66. Re8+ Kd3 67. Ka4 e2 68. b4 Re5 69. Rc8 e1Q 70. Rxc7 Qa1+ 71. Kb3 Qb1+ 72. Ka3 Kd4 73. Rc3 Kxc3 0-1